Effect of using nursing care bundle on developing ventilator associated pneumonia among infants / (رقم التسجيلة. 179111)

تفاصيل مارك
000 -LEADER
fixed length control field 07035namaa22004451i 4500
003 - CONTROL NUMBER IDENTIFIER
control field EG-GICUC
005 - أخر تعامل مع التسجيلة
control field 20260415122646.0
008 - FIXED-LENGTH DATA ELEMENTS--GENERAL INFORMATION
fixed length control field 260331s2025 ua a|||frm||| 000 0 eng d
040 ## - CATALOGING SOURCE
Original cataloguing agency EG-GICUC
Language of cataloging eng
Transcribing agency EG-GICUC
Modifying agency EG-GICUC
Description conventions rda
041 0# - LANGUAGE CODE
Language code of text/sound track or separate title eng
Language code of summary or abstract eng
-- ara
049 ## - Acquisition Source
Acquisition Source Deposit
082 04 - DEWEY DECIMAL CLASSIFICATION NUMBER
Classification number 610.7362
092 ## - LOCALLY ASSIGNED DEWEY CALL NUMBER (OCLC)
Classification number 610.7362
Edition number 21
097 ## - Degree
Degree Ph.D
099 ## - LOCAL FREE-TEXT CALL NUMBER (OCLC)
Local Call Number Cai01.17.05.Ph.D.2025.Mo.E
100 0# - MAIN ENTRY--PERSONAL NAME
Authority record control number or standard number Mousa Abdel Fattah Mousa Hassan,
Preparation preparation.
245 10 - TITLE STATEMENT
Title Effect of using nursing care bundle on developing ventilator associated pneumonia among infants /
Statement of responsibility, etc. by Mousa Abdel Fattah Mousa Hassan ; Advisors Prof. Dr. Azza Abdel Moghny Attia, Prof. Dr. Gehan Ahmed El Samman, Prof. Dr. Hanaa Ibrahim Rady.
246 15 - VARYING FORM OF TITLE
Title proper/short title تأثير إستخدام حزمة الرعاية التمريضية على الإصابة بالإلتهابالرئوى المصاحب لجهاز التنفس الصناعي بين الرضع
264 #0 - PRODUCTION, PUBLICATION, DISTRIBUTION, MANUFACTURE, AND COPYRIGHT NOTICE
Date of production, publication, distribution, manufacture, or copyright notice 2025.
300 ## - PHYSICAL DESCRIPTION
Extent 121 + 90 Leaves :
Other physical details illustrations ;
Dimensions 30 cm. +
Accompanying material CD.
336 ## - CONTENT TYPE
Content type term text
Source rda content
337 ## - MEDIA TYPE
Media type term Unmediated
Source rdamedia
338 ## - CARRIER TYPE
Carrier type term volume
Source rdacarrier
502 ## - DISSERTATION NOTE
Dissertation note Thesis (Ph.D)-Cairo University, 2025.
504 ## - BIBLIOGRAPHY, ETC. NOTE
Bibliography, etc. note Bibliography: pages 102-121.
520 #3 - SUMMARY, ETC.
Summary, etc. Applying nursing care bundle on mechanically ventilated infants play a role in decreasing <br/>the incidence of ventilator associated pneumonia and improving their outcomes. Aim: To <br/>evaluate the effect of using nursing care bundle on developing ventilator associated <br/>pneumonia among infants. Design: A quasi-experimental research pre/post-test. A <br/>purposive sample of 100 infants on mechanical ventilator aged ranges from one to 12 <br/>month divided equally into study and control groups. The study was carried out at pediatric <br/>intensive care units of two hospitals. Three tools including personal characteristics and <br/>medical history questionnaire, nursing care bundle and ventilator associated pneumonia <br/>indicator’s record. Results: three-fifths and less of infants in the study and control groups <br/>their age ranged from 6 to 12 months and from 1 to less than 6 months respectively. The <br/>main diagnosis was respiratory distress. Minority among both groups had unplanned <br/>extubation, mechanical ventilation days among the study group were less than the control <br/>group with significant difference. One fifth and more than one third of infants developed <br/>ventilator associated pneumonia among study and control groups respectively. Highly <br/>statistically significant negative correlations were detected between various components of <br/>the nursing care bundle and development of ventilator associated pneumonia. Conclusion: <br/>Application of the nursing care bundle significantly decrease the incidence of ventilator <br/>associated pneumonia among infants on mechanical ventilation as well as mean <br/>mechanical ventilation days, corticosteroids use and mortality. Recommendation: <br/>Application of nursing care bundle in pediatric intensive care units should be used as a <br/>routine care for infants.
520 #3 - SUMMARY, ETC.
Summary, etc. يُعد تطبيق حزمة الرعاية التمريضية على الرضّع المتصلينبأجهزة التنفس الصناعي ذا دور مهم في تقليل معدل حدوث الالتهاب الرئوي المصاحبلجهاز التنفس الصناعي وتحسين نتائجهم الصحية. هدفت هذه الدراسة إلىتقييمتأثير استخدام حزمة الرعاية التمريضية على الإصابة بالالتهاب الرئوي المصاحب لجهاز التنفس الصناعي بين الرضع.اعتمدت الدراسة على تصميم شبه تجريبي باستخدام اختبار قبلي وبعدي، وشملت عينة لغرض البحث مكونة من 100 رضيع على جهاز التنفس الصناعي تتراوح أعمارهم بين شهر واحد واثني عشر شهرًا، تم تقسيمهم بالتساوي إلى مجموعتين: مجموعة الدراسة والمجموعة الضابطة. أُجريت الدراسة في وحدات العناية المركزة للأطفال في مستشفيين، واستخدمت ثلاث أدوات بحثية تمثلت في استبيان البيانات الشخصية والتاريخ الطبي للرضيع، وحزمة الرعاية التمريضية، وسجل مؤشرات الالتهاب الرئوي المصاحبلجهاز التنفس الصناعي. أظهرت النتائج أن ثلاثة أخماس الرضّع في مجموعة الدراسة تراوحت أعمارهم بين 6 إلى 12 شهرًا، بينما كانت أعمار أقل من ثلاثة أخماس الرضّع في المجموعة الضابطة بين شهر واحد وأقل من 6 أشهر، وكان التشخيص الرئيسي لديهم هو صعوبة في التنفس. كما تبين أن نسبة قليلة من الرضّع في كلا المجموعتين تعرضت للفَصْل بدون تخطيط مسبق (عن طريق الخطأ)، وأن مدة اتصال الرضع بجهاز التنفس الصناعي في مجموعة الدراسة كانت أقل من المجموعة الضابطة بفارق ذي دلالة إحصائية. أُصيب نحو خمس الرضّع في مجموعة الدراسة، بينما أُصيب أكثر من ثلث الرضّع في المجموعة الضابطة بالالتهاب الرئوي المصاحب لجهاز التنفس الصناعي. وكشفت الدراسة عن وجد ارتباط سلبي ذات دلالة إحصائية عالية بين مختلف مكونات حزمة الرعاية التمريضية وحدوث الالتهاب الرئوي المصاحب لجهاز التنفس الصناعي. واستنتجت الدراسة أنيُسهم تطبيق حزمة الرعاية التمريضية بشكل كبير في تقليل معدل حدوث الالتهاب الرئوي المرتبط بجهاز التنفس الاصطناعي بين الرُضّع، بالإضافة إلى تقليل متوسط أيام استخدام جهاز التنفس الاصطناعي، وتقليل استخدام الكورتيزون، وتقليل معدل الوفيات.
530 ## - ADDITIONAL PHYSICAL FORM AVAILABLE NOTE
Issues CD Issues also as CD.
546 ## - LANGUAGE NOTE
Text Language Text in English and abstract in Arabic & English.
650 #0 - SUBJECT ADDED ENTRY--TOPICAL TERM
Topical term or geographic name entry element Pediatric Nursing
650 #0 - SUBJECT ADDED ENTRY--TOPICAL TERM
Topical term or geographic name entry element تمريض الأطفال
653 #1 - INDEX TERM--UNCONTROLLED
Uncontrolled term Infants
-- nursing care bundle
-- ventilator-associated pneumonia
-- الرضع
-- حزمة الرعاية التمريضية
700 0# - ADDED ENTRY--PERSONAL NAME
Personal name Azza Abdel Moghny Attia
Relator term thesis advisor.
700 0# - ADDED ENTRY--PERSONAL NAME
Personal name Gehan Ahmed El Samman
Relator term thesis advisor.
700 0# - ADDED ENTRY--PERSONAL NAME
Personal name Hanaa Ibrahim Rady
Relator term thesis advisor.
900 ## - Thesis Information
Grant date 01-01-2025
Supervisory body Azza Abdel Moghny Attia
-- Gehan Ahmed El Samman
-- Hanaa Ibrahim Rady
Universities Cairo University
Faculties Faculty of Nursing
Department Department of Pediatric Medicine Nursing
905 ## - Cataloger and Reviser Names
Cataloger Name Shimaa
Reviser Names Eman Ghareb
942 ## - ADDED ENTRY ELEMENTS (KOHA)
Source of classification or shelving scheme Dewey Decimal Classification
Koha item type Thesis
Edition 21
Suppress in OPAC No
المقتنيات
Source of classification or shelving scheme Home library Current library Date acquired Inventory number Full call number Barcode Date last seen Effective from Koha item type
Dewey Decimal Classification المكتبة المركزبة الجديدة - جامعة القاهرة قاعة الرسائل الجامعية - الدور الاول 31.03.2026 93631 Cai01.17.05.Ph.D.2025.Mo.E 01010110093631000 31.03.2026 31.03.2026 Thesis
Cairo University Libraries Portal Implemented & Customized by: Eng. M. Mohamady Contacts: new-lib@cl.cu.edu.eg | cnul@cl.cu.edu.eg
CUCL logo CNUL logo
© All rights reserved — Cairo University Libraries
CUCL logo
Implemented & Customized by: Eng. M. Mohamady Contact: new-lib@cl.cu.edu.eg © All rights reserved — New Central Library
CNUL logo
Implemented & Customized by: Eng. M. Mohamady Contact: cnul@cl.cu.edu.eg © All rights reserved — Cairo National University Library